000 01090cam a2200289 a 4500
003 CHAP
005 20220329141908.0
008 980427d1997 mx r 10010 spa d
010 _a75415
011 _a76387
035 _a85971
040 _cCHAP
090 _aFolleto 15050 (1997)
111 0 0 _aCongreso Internacional de Medicina Tradicional (
_n11
_d: 1997 :
_cQuetzaltenango, Guatemala)
_926781
245 1 0 _aConferencias
_c/por Centro Universitario de Occidente de la Universidad de San Carlos
260 _aQuetzaltenango, Guatemala :
_bCentro Universitario de Occidente de la Universidad de San Carlos,
_c1997
300 _a63 p.
590 _aBATCH-UPD
_b10
_c20130110
_lUCH01
_h1711
590 _aBATCH-UPD
_b10
_c20130410
_lUCH01
_h1057
590 _aBATCH-UPD
_b10
_c20130914
_lUCH01
_h0747
590 _aCONVERSION
_b10
_c20130109
_lUCH01
_h1341
650 1 4 _aBotánica médica
_xCongresos.
_914682
901 _aBK
905 _aAlejandra Carrasco M.
942 _cFOLL
949 _aFolleto 15050 (1997)
_bBC
_cFOLL
_d859711
_eTS1
_i85971
_kDonaciØn de Juan Manuel Zepeda del Valle
_sb
999 _c75415
_d75415